Záväzky z neoprávneného majetkového prospechu v občianskom práve

Saved in:
Bibliographic Details
Main Author: Dzúrik, Vladislav
Format: Book
Language:Slovak
Published: Bratislava Veda 1989
Edition:1. vyd.
Tags: Add Tag
No Tags, Be the first to tag this record!

MARC

LEADER 00000nam a2200000 4500
001 c038122
005 20250217092022.0
041 0 |a slo 
044 |a SK 
245 1 0 |a Záväzky z neoprávneného majetkového prospechu v občianskom práve  |c Vladislav Dzúrik 
250 |a 1. vyd. 
264 1 |a Bratislava  |b Veda  |c 1989 
300 |a 157 s. 
100 1 |a Dzúrik, Vladislav